00433 a2200145 4500010001400000020001000014035001300024037001500037082001200052100001900064245009900083260004000182270004100222300002400263 aENG-86775 c80.00 aEN-70308 bDBAD / PUB14a954.084 aEswar, Clement1 aIndian freedom struggle :cby Clement Eswarbsince the first war of independence (1857-1947) / aPuducherrybLily Publicationsc2006 a31, Nehru NagarbPuducherrye605 011 av, 187pc22cm (pbk)